GETS Theological Seminary Library

經文索引: (Record no. 32461)

MARC details
000 -LEADER
fixed length control field 00510nam a2200181Ia 4500
008 - FIXED-LENGTH DATA ELEMENTS--GENERAL INFORMATION
fixed length control field 201221s9999||||xx |||||||||||||| ||und||
020 ## - INTERNATIONAL STANDARD BOOK NUMBER
International Standard Book Number 9570472723
020 ## - INTERNATIONAL STANDARD BOOK NUMBER
International Standard Book Number 9789570472721
041 ## - LANGUAGE CODE
Language code of text/sound track or separate title chi
050 ## - LIBRARY OF CONGRESS CALL NUMBER
Classification number BS428.C5
Item number .C56 2003
245 #0 - TITLE STATEMENT
Title 經文索引:
Remainder of title 和合本 /
Statement of responsibility, etc. 台灣聖經公會編
246 ## - VARYING FORM OF TITLE
Title proper/short title 经文索引
Remainder of title 和合本/
260 ## - PUBLICATION, DISTRIBUTION, ETC.
Place of publication, distribution, etc. 台北 :
Name of publisher, distributor, etc. 台灣聖經公會,
Date of publication, distribution, etc. 2003
300 ## - PHYSICAL DESCRIPTION
Extent 547 p.
Other physical details ;
Dimensions 22 cm.
650 ## - SUBJECT ADDED ENTRY--TOPICAL TERM
Topical term or geographic name entry element Bible --Concordances.
710 ## - ADDED ENTRY--CORPORATE NAME
Corporate name or jurisdiction name as entry element 台灣聖經公會
Holdings
Withdrawn status Lost status Damaged status Not for loan Home library Current library Shelving location Date acquired Total Checkouts Full call number Barcode Date last seen Price effective from Koha item type
        GETS Theological Seminary Library GETS Theological Seminary Library Reference 12/21/2020   BS428.C5 .C56 2003 00020198 12/21/2020 12/21/2020 Chinese Book
OpacCredits

Contact the Librarian, GETS Library
Email: library@mygets.org









Implemented by GETS Library
(Powered by ETCA Professional Group)
GETS Theological Seminary
412 E. Rowland Street, CA 91723